| 000 | 00621nam a2200181 u 4500 | ||
|---|---|---|---|
| 001 | 000638781 | ||
| 003 | AM-YeHGA | ||
| 005 | 20250617140730.0 | ||
| 008 | 090305s1962 ||| r 000 0 rus d | ||
| 040 | _aAM-YeHGA | ||
| 041 | 1 |
_arus _hgeo |
|
| 100 | 1 |
_aЦеретели, Акакий Ростомович _d1840-1915 |
|
| 245 | 1 | 0 |
_aЛирика : _bСтихотворения и поэмы : Перевод с грузинского / _cАкакий Церетели. |
| 260 |
_aМосква : _bГослитиздат, _c1962. |
||
| 300 | _a296 с. | ||
| 653 | 0 | _aГрузинская поэзия | |
| 090 | _c227146 | ||
| 999 |
_c225605 _d225605 |
||